000 01276ngm a22003490a 4500
001 PT38746
003 AR-LpoUNG
005 20210202000531.0
007 vd cvaizq
008 191001s1943||||ag |||||||||||||||||spa d
037 _c$7.63
040 _aAR-LpoUNG
_bspa
_cAR-LpoUNG
_eaacr
041 _aspa
044 _aag
082 0 _a302.52 481car
100 1 _aAmadori, Luis Cesar
_edir.
245 1 0 _aCarmen
260 _aBuenos Aires :
_bArte video,
_c26 de octubre de 1943.
300 _aDVD (96 min.) : son., byn
505 0 _aSin subtítulos - Elenco : Niní Marshall, Juan José Padilla, Adrián Cúneo, Juan José Piñeiro
520 _aAunque mantiene la línea argumental básica de la famosa ópera de Bizet, esta película es una parodia de la inmortal ópera. Niní Marshall interpreta a una vestuarista que se sueña como Carmen tras sufrir un golpe en la cabeza. Mientras el resto de los personajes mantiene la fidelidad a su correspondiente papel en la ópera, Marshall satiriza los diálogos y las situaciones
650 4 _aARGENTINA
650 4 _aMUSICA
651 4 _aArgentina
653 _aCINE ARGENTINO
653 _aCOMEDIA
653 _aMUSICAL
653 _aROMANTICA
653 _aVIDEOS
905 _a38746
942 _cDVD
999 _c55057
_d55057